Проектирование и реализация базы данных для отдела ЭТО ТПУ; Технологии Microsoft в теории и практике программирования

Dettagli Bibliografici
Parent link:Технологии Microsoft в теории и практике программирования.— 2014.— [С. 71-73]
Autore principale: Бикинеева А. М.
Riassunto:Заглавие с титульного листа.
This article is focused on the development, realization and implementation of information managemen tsystem for Elite Education Engineering department of Tomsk Polytechnic University (EEE TPU). The requirements were specified with the department staff and students and were converted for database development. The concept model of the database in entity-relation view was developed. Physical model of database is developed and implementation of the database is the current focus of research.
Lingua:russo
Pubblicazione: 2014
Serie:Математическое моделирование и технологии высокопроизводительных вычислений
Soggetti:
Accesso online:http://www.lib.tpu.ru/fulltext/c/2014/C28/027.pdf
Natura: MixedMaterials Elettronico Capitolo di libro
KOHA link:https://koha.lib.tpu.ru/cgi-bin/koha/opac-detail.pl?biblionumber=609510

MARC

LEADER 00000naa2a2200000 4500
001 609510
005 20231101132548.0
035 |a (RuTPU)RU\TPU\conf\7004 
035 |a RU\TPU\conf\7002 
090 |a 609510 
100 |a 20141118d2014 k y0rusy50 ca 
101 0 |a rus  |d eng 
102 |a RU 
105 |a y z 100zy 
135 |a drgn ---uucaa 
181 0 |a i  
182 0 |a b 
200 1 |a Проектирование и реализация базы данных для отдела ЭТО ТПУ  |f А. М. Бикинеева 
203 |a Текст  |c электронный 
225 1 |a Математическое моделирование и технологии высокопроизводительных вычислений 
230 |a 1 компьютерный файл (pdf; 581 Кб) 
300 |a Заглавие с титульного листа. 
320 |a [Библиогр.: с. 73 (1 назв.)] 
330 |a This article is focused on the development, realization and implementation of information managemen tsystem for Elite Education Engineering department of Tomsk Polytechnic University (EEE TPU). The requirements were specified with the department staff and students and were converted for database development. The concept model of the database in entity-relation view was developed. Physical model of database is developed and implementation of the database is the current focus of research. 
337 |a Adobe Reader 
463 1 |0 (RuTPU)RU\TPU\conf\6841  |t Технологии Microsoft в теории и практике программирования  |o сборник трудов XI Всероссийской научно-практической конференции студентов, аспирантов и молодых ученых, г.Томск, 23-24 апреля 2014 г.  |f Национальный исследовательский Томский политехнический университет (ТПУ), Институт кибернетики ; ред. кол. А. В. Лиепиньш и др.  |v [С. 71-73]  |d 2014 
610 1 |a электронный ресурс 
610 1 |a труды учёных ТПУ 
610 1 |a проектирование 
610 1 |a реализация 
610 1 |a базы данных 
610 1 |a данные 
610 1 |a элитное образование 
610 1 |a техническое образование 
700 1 |a Бикинеева  |b А. М. 
801 2 |a RU  |b 63413507  |c 20141118  |g RCR 
856 4 |u http://www.lib.tpu.ru/fulltext/c/2014/C28/027.pdf 
942 |c BK